Each President's Number of Electoral Votes - Statistics

General Stats
  • This quiz has been taken 33 times
  • The average score is 41 of 162
Answer Stats
Year Canidate Electoral Votes % Correct
2016 Evan McMullin 0
54%
2012 Gary Johnson 0
54%
2016 Gary Johnson 0
54%
1916 Allan Benson 0
46%
1980 Ed Clark 0
46%
1904 Eugene Debs 0
46%
1912 Eugene Debs 0
46%
1920 Eugene Debs 0
46%
1948 Henry Wallace 0
46%
1880 James Weaver 0
46%
1980 John Anderson 0
46%
1852 John P. Hale 0
46%
2000 Ralph Nader 0
46%
1992 Ross Perot 0
46%
1996 Ross Perot 0
46%
1796 Aaron Burr 30
46%
1872 Horace Greeley 0
38%
2016 Jill Stein 0
38%
1848 Martin Van Buren 0
38%
2000 George W. Bush 271
38%
2004 George W. Bush 286
38%
2016 Donald J. Trump 304
38%
1984 Ronald Reagan 525
38%
1800 Aaron Burr 73
38%
1832 John Floyd 11
31%
1860 Stephen A. Douglas 12
31%
1924 Robert M. LaFollette 13
31%
1984 Walter F. Mondale 13
31%
1792 George Washington 132
31%
1960 Harry F. Byrd 15
31%
1880 Winfield S. Hancock 155
31%
1972 George McGovern 17
31%
1876 Samuel J. Tilden 184
31%
1876 Rutherford B. Hayes 185
31%
2012 W. Mitt Romney 206
31%
1864 George B. McClellan 21
31%
2016 Hillary R. Clinton 227
31%
1820 James Monroe 231
31%
1976 Gerald R. Ford 240
31%
2004 John F. Kerry 251
31%
2000 Albert Gore Jr. 266
31%
1916 Woodrow Wilson 277
31%
1948 Harry S. Truman 303
31%
1960 John F. Kennedy 303
31%
2008 Barack H. Obama 365
31%
1912 Woodrow Wilson 435
31%
1964 Lyndon B. Johnson 486
31%
1964 Barry M. Goldwater 52
31%
1972 Richard M. Nixon 520
31%
1936 Franklin D. Roosevelt 523
31%
1800 John Adams 65
31%
1796 Thomas Jefferson 68
31%
1789 George Washington 69
31%
1832 William Wirt 7
31%
1796 John Adams 71
31%
1800 Thomas Jefferson 73
31%
1936 Alfred M. Landon 8
31%
1856 Millard Fillmore 8
31%
1912 William H. Taft 8
31%
1912 Theodore Roosevelt 88
31%
1872 David Davis 1
23%
1820 John Quincy Adams 1
23%
1836 W.P. Mangum 11
23%
1988 Michael S. Dukakis 111
23%
1856 John C. Fremont 114
23%
1836 Daniel Webster 14
23%
1996 Robert Dole 159
23%
1804 Thomas Jefferson 162
23%
1992 George H. W. Bush 168
23%
1844 James K. Polk 170
23%
1836 Martin Van Buren 170
23%
2008 John S. McCain 173
23%
1860 Abraham Lincoln 180
23%
1968 Herbert H. Humphrey 191
23%
1864 Abraham Lincoln 212
23%
1880 James A. Garfield 214
23%
1868 Ulysses S. Grant 214
23%
1892 James B. Weaver 22
23%
1840 William H. Henry 234
23%
1916 Charles E. Hughes 254
23%
1852 Franklin Pierce 254
23%
1872 Ulysses S. Grant 286
23%
1976 Jimmy Carter 297
23%
1968 Richard M. Nixon 301
23%
2012 Barack H. Obama 332
23%
1789 John Adams 34
23%
1816 Rufus King 34
23%
1992 William J. Clinton 370
23%
1860 John Bell 39
23%
1920 Warren G. Harding 404
23%
1824 William H. Crawford 41
23%
1852 Winfield Scott 42
23%
1988 George H. W. Bush 426
23%
1944 Franklin D. Roosevelt 432
23%
1952 Dwight D, Eisenhower 442
23%
1928 Herbert C. Hoover 444
23%
1956 Dwight D. Eisenhower 457
23%
1968 George C. Wallace 46
23%
1932 Franklin D. Roosevelt 472
23%
1980 Ronald Reagan 489
23%
1980 Jimmy Carter 49
23%
1792 George Clinton 50
23%
1932 Herbet C. Hoover 59
23%
1808 George Clinton 6
23%
1840 Martin Van Buren 60
23%
1860 John C. Breckinridge 72
23%
1956 Adlai Stevenson 73
23%
1836 William H. Harrison 73
23%
1792 John Adams 77
23%
1940 Wendell L. Willkie 82
23%
1828 John Quincy Adams 83
23%
1824 John Quincy Adams 84
23%
1928 Alfred E. Smith 87
23%
1952 Adlai Stevenson 89
23%
1812 De Witt Clinton 89
23%
1944 Thomas E. Dewey 99
23%
1844 Henry Clay 105
15%
1920 James M. Cox 127
15%
1848 Lewis Cass 127
15%
1812 James Madison 128
15%
1804 Charles C. Pinckney 14
15%
1904 Alton B. Parker 140
15%
1900 William J. Bryan 155
15%
1908 William J. Bryan 162
15%
1848 Zachary Taylor 163
15%
1856 James Buchanan 174
15%
1896 William J. Bryan 176
15%
1828 Andrew Jackson 178
15%
1884 James G. Blaine 182
15%
1948 Thomas E. Dewey 189
15%
1872 Charles J. Jenkins 2
15%
1960 Richard M. Nixon 219
15%
1836 Hugh L. White 26
15%
1908 William H. Taft 321
15%
1904 Theodore Roosevelt 336
15%
1789 All Other Canidates 35
15%
1824 Henry Clay 37
15%
1996 William J. Clinton 379
15%
1948 J. Strom Thurmond 39
15%
1872 Thomas A. Hendricks 42
15%
1940 Franklin D. Roosevelt 449
15%
1796 All Other Canidates 48
15%
1832 Henry Clay 49
15%
1792 All Other Canidates 5
15%
1796 Thomas Pinckney 59
15%
1800 Charles C. Pinckney 64
15%
1868 Horatio Seymour 80
15%
1824 Andrew Jackson 99
15%
1924 John W. Davis 136
8%
1892 Benjamin Harrison 145
8%
1888 Grover Cleveland 168
8%
1872 B. Gratz Brown 18
8%
1816 James Monroe 183
8%
1832 Andrew Jackson 219
8%
1884 Grover Cleveland 219
8%
1888 Benjamin Harrison 233
8%
1896 William McKinley 271
8%
1892 Grover Cleveland 277
8%
1900 William McKinley 292
8%
1924 Calvin Coolidge 382
8%
1808 Charles C. Pinckney 47
8%
1808 James Madison 122
0%
No matching quizzes found
Score Distribution
Percent of People with Each Score
Percentile by Number Answered
Your Score History
You have not taken this quiz